Efektívnosť obchodného podniku. Teoretické vymedzenie pojmu a obsahu

Podrobná bibliografia
Hlavný autor: Strážovská, Helena, 1934- (Autor)
Médium: Článok
Jazyk:slovenčina
ISSN:1336-1732
Predmet:

MARC

LEADER 00000nab a2200000 a 4500
001 vtls008413001
003 SK-MaSNL
005 20260304134653.0
008 250505c2005 xo qr|p|||||||000 b|slo
015 |a SNBRB2005/11  |2 snkbucl 
035 |a (uuid)09dd388a-09a3-4583-bb20-251f838994ad 
035 |a urn:nbn:sk:snk-abvrs 
035 |a (urnnbn)urn:nbn:sk:snk:ar-a04k7b 
038 |a SNKBUCL 
040 |a SNKBUCL  |b slo  |c SNKBUCL  |e AACR2 
041 0 |a slo  |b eng  |b slo 
044 |a xo  |c SK 
080 |a 658.155:339.178  |2 1997 
080 |a 339.178  |2 1997 
100 1 |a Strážovská, Helena,  |d 1934-  |4 aut  |9 199836 
245 1 0 |a Efektívnosť obchodného podniku. Teoretické vymedzenie pojmu a obsahu  |c Elena Strážovská 
504 |a Bibliogr. odkazy 
546 |a Res. angl., slov. 
650 0 7 |a obchodné podniky  |2 snkbucl  |9 49802 
650 0 7 |a efektívnosť  |2 snkbucl  |9 279683 
650 0 7 |a zisk  |2 snkbucl  |9 13920 
650 0 7 |a rentabilita  |2 snkbucl  |9 18462 
773 0 |t Nová ekonomika = The New Economy  |g Roč. 4., č. 2 (11) (2005), s. 89-93  |x 1336-1732 
850 |a Slovenská národná knižnica 
852 |a Slovenská národná knižnica 
954 |a odborná, vedecká literatúra pôvodná (slovenská)  |2 lita 
958 |a article2022 
958 |a NB 
958 |a OND 
958 |a EUIPO 
999 |c 2907643  |d 2909573